[Event "4th Karpov It"]
[Site "Poikovsky RUS"]
[Date "2003.04.20"]
[Round "1"]
[White "Lputian,S"]
[Black "Lautier,J"]
[Result "1/2-1/2"]
[WhiteElo "2638"]
[BlackElo "2666"]
[EventDate "2003.04.20"]

1. d4 Nf6 2. c4 e6 3. Nf3 d5 4. Nc3 dxc4 5. e4 Bb4 6. Bg5 c5 7. Bxc4 cxd4
8. Nxd4 Bxc3+ 9. bxc3 Qa5 10. Bb5+ Bd7 11. Bxf6 gxf6 12. Qb3 a6 13. Be2 Nc6
14. O-O Qc7 15. Rab1 Na5 16. Qa3 Rc8 17. c4 Nxc4 18. Bxc4 Qxc4 19. Rfd1 Qc3
20. Qd6 Qc7 21. Qa3 Qc3 22. Qd6 1/2-1/2

[Event "4th Karpov It"]
[Site "Poikovsky RUS"]
[Date "2003.04.21"]
[Round "2"]
[White "Zvjaginsev,V"]
[Black "Bologan,V"]
[Result "1/2-1/2"]
[WhiteElo "2664"]
[BlackElo "2663"]
[EventDate "2003.04.20"]

1. d4 Nf6 2. c4 e6 3. Nf3 d5 4. Nc3 Be7 5. Bg5 h6 6. Bh4 O-O 7. e3 Ne4 8.
Bxe7 Qxe7 9. Rc1 c6 10. Bd3 Nxc3 11. Rxc3 dxc4 12. Bxc4 Nd7 13. O-O b6 14.
Bd3 c5 15. Be4 Rb8 16. Qa4 Nf6 17. Bc6 cxd4 18. exd4 a6 19. Ne5 Bb7 20.
Rfc1 Nd5 21. Bxd5 Bxd5 22. Qxa6 Ra8 23. Qxb6 Qg5 24. g3 Rxa2 25. Nd7 Qd2
26. Nxf8 Rxb2 27. Qxb2 Qxb2 28. Rc8 Bb7 29. Nxe6+ Bxc8 30. Rxc8+ Kh7 31.
Nf8+ 1/2-1/2

[Event "4th Karpov It"]
[Site "Poikovsky RUS"]
[Date "2003.04.21"]
[Round "2"]
[White "Onischuk,Al"]
[Black "Rublevsky,S"]
[Result "1/2-1/2"]
[WhiteElo "2647"]
[BlackElo "2670"]
[EventDate "2003.04.20"]

1. d4 d5 2. c4 dxc4 3. e4 e5 4. Nf3 Bb4+ 5. Bd2 Bxd2+ 6. Nbxd2 exd4 7. Bxc4
Qf6 8. Nb3 Nc6 9. Bb5 Nge7 10. Qxd4 Qxd4 11. Nfxd4 Bd7 12. O-O-O O-O-O 13.
Nc5 Be8 14. Nc2 f5 15. exf5 Nxf5 16. Bc4 Nd6 17. Bd5 Ne7 18. Nxb7 Nxd5 19.
Nxd8 Nf4 20. g3 Nh3 21. Ne6 Nxf2 22. Nxg7 Nxh1 23. Nxe8 Rxe8 24. Rxh1 Re2
25. h3 1/2-1/2

[Event "4th Karpov It"]
[Site "Poikovsky RUS"]
[Date "2003.04.21"]
[Round "2"]
[White "Vescovi,G"]
[Black "Lputian,S"]
[Result "1-0"]
[WhiteElo "2615"]
[BlackElo "2638"]
[EventDate "2003.04.20"]

1. e4 e6 2. d4 d5 3. Nc3 Bb4 4. e5 c5 5. a3 Ba5 6. b4 cxd4 7. Qg4 Ne7 8.
bxa5 dxc3 9. Qxg7 Rg8 10. Qxh7 Nbc6 11. f4 Qxa5 12. Nf3 Bd7 13. Rb1 O-O-O
14. Qd3 Nf5 15. Rg1 Rg4 16. g3 Rh8 17. Kf2 Qc5+ 18. Be3 Qxa3 19. Rb3 Qa4
20. Rxc3 d4 21. Bxd4 Nfxd4 22. Qxd4 Rxh2+ 23. Rg2 Qxd4+ 24. Nxd4 Rh1 25.
Bb5 Kc7 26. Bxc6 Bxc6 27. Nxc6 bxc6 28. Kf3 Rg8 29. Rd2 Rf1+ 30. Ke2 Ra1
31. Rd6 Ra6 32. Rcd3 Kb6 33. Rd7 Rf8 34. Rb3+ Kc5 35. Kf3 Ra4 36. Rc3+ Kb6
37. Rd6 Rc8 38. Kg4 Rg8+ 39. Kh4 Ra1 40. Rdxc6+ 1-0

[Event "4th Karpov It"]
[Site "Poikovsky RUS"]
[Date "2003.04.22"]
[Round "3"]
[White "Svidler,P"]
[Black "Zvjaginsev,V"]
[Result "1/2-1/2"]
[WhiteElo "2713"]
[BlackElo "2664"]
[EventDate "2003.04.20"]

1. e4 c5 2. Nf3 Nc6 3. d4 cxd4 4. Nxd4 g6 5. Nc3 Bg7 6. Be3 Nf6 7. Bc4 O-O
8. Bb3 e6 9. f4 Ng4 10. Bg1 e5 11. Nxc6 dxc6 12. Qxd8 Rxd8 13. h3 Nf6 14.
fxe5 Ne8 15. Bh2 Nc7 16. O-O Be6 17. Rad1 Bxb3 18. axb3 Ne6 19. Bg3 1/2-1/2

[Event "4th Karpov It"]
[Site "Poikovsky RUS"]
[Date "2003.04.23"]
[Round "4"]
[White "Rublevsky,S"]
[Black "Bologan,V"]
[Result "1/2-1/2"]
[WhiteElo "2670"]
[BlackElo "2663"]
[EventDate "2003.04.20"]

1. e4 c5 2. Nf3 d6 3. Bb5+ Nd7 4. d4 Ngf6 5. O-O cxd4 6. Qxd4 a6 7. Bxd7+
Bxd7 8. Bg5 e6 9. Nbd2 Bc6 10. Nc4 b5 11. Bxf6 Qxf6 12. Nxd6+ Bxd6 13. Qxd6
Bxe4 14. Rfd1 Rd8 15. Qa3 Bb7 16. c4 Bxf3 17. gxf3 Qg5+ 18. Kh1 bxc4 19.
Qxa6 O-O 20. Qxc4 Rd2 21. Qc3 Rxf2 22. Rg1 Qh6 23. Rxg7+ Qxg7 24. Rg1 Qg6
25. h4 Rd8 26. h5 Qxg1+ 27. Kxg1 Re2 28. Kf1 Rh2 29. Kg1 Rxh5 30. a4 Ra8
31. Qc6 Rha5 32. b3 h5 33. Kf2 Kg7 34. Qc3+ Kg6 35. Qc2+ Kg7 1/2-1/2

[Event "4th Karpov It"]
[Site "Poikovsky RUS"]
[Date "2003.04.23"]
[Round "4"]
[White "Pelletier,Y"]
[Black "Vescovi,G"]
[Result "0-1"]
[WhiteElo "2623"]
[BlackElo "2615"]
[EventDate "2003.04.20"]

1. Nf3 Nf6 2. c4 e6 3. Nc3 d5 4. d4 Bb4 5. cxd5 exd5 6. Bg5 h6 7. Bh4 g5 8.
Bg3 Ne4 9. Nd2 Nxc3 10. bxc3 Bxc3 11. Rc1 Ba5 12. h4 Rf8 13. e3 c6 14. Bd3
Bc7 15. Bxc7 Qxc7 16. Qh5 Be6 17. hxg5 hxg5 18. Qxg5 Nd7 19. f4 f6 20. Bg6+
Kd8 21. Qh6 Qd6 22. f5 Bg8 23. Kf2 Rc8 24. Qf4 Kc7 25. Rc3 b6 26. Nf3 c5
27. Ra3 Qxf4 28. exf4 a5 29. dxc5 bxc5 30. Rxa5 d4 31. Ra7+ Kd6 32. Rb1 Ra8
33. Rbb7 Rxa7 34. Rxa7 Rb8 35. Kg3 Bd5 36. a4 d3 37. Kf2 Rb2+ 38. Ke3 Bxf3
39. Kxf3 c4 40. Ra6+ Kc5 41. Ra7 c3 42. Rc7+ Kb4 43. Rb7+ Ka5 0-1

[Event "4th Karpov It"]
[Site "Poikovsky RUS"]
[Date "2003.04.24"]
[Round "5"]
[White "Vescovi,G"]
[Black "Obodchuk,A"]
[Result "1/2-1/2"]
[WhiteElo "2615"]
[BlackElo "2417"]
[EventDate "2003.04.20"]

1. e4 e5 2. Nf3 Nc6 3. Bb5 a6 4. Ba4 Nf6 5. O-O Be7 6. Re1 b5 7. Bb3 d6 8.
c3 O-O 9. h3 Nb8 10. d4 Nbd7 11. Nbd2 Bb7 12. Bc2 Re8 13. a3 Bf8 14. b4 g6
15. Bb2 Bg7 16. Qb1 Nh5 17. Nb3 Nb6 18. Na5 Bc8 19. Qd1 Bd7 20. Bc1 Qe7 21.
Be3 Nf4 22. Kh2 Rad8 23. Bb3 g5 24. Ng1 Qf6 25. g3 Ng6 26. d5 Ne7 27. Qh5
h6 28. Rec1 Rb8 29. c4 Nxc4 30. Nxc4 bxc4 31. Bxc4 c6 32. Qd1 cxd5 33. Bxd5
Nxd5 34. Qxd5 Red8 1/2-1/2

[Event "4th Karpov It"]
[Site "Poikovsky RUS"]
[Date "2003.04.26"]
[Round "6"]
[White "Bologan,V"]
[Black "Svidler,P"]
[Result "1/2-1/2"]
[WhiteElo "2663"]
[BlackElo "2713"]
[EventDate "2003.04.20"]

1. e4 c5 2. Nf3 e6 3. d3 Nc6 4. c3 Nf6 5. g3 g6 6. Bg2 Bg7 7. O-O O-O 8. a3
d6 9. Re1 e5 10. b4 a6 11. h3 b5 12. Be3 cxb4 13. axb4 Re8 14. Nbd2 h6 15.
d4 exd4 16. Nxd4 Bd7 17. f4 Qc7 18. Qf3 Ne7 19. Rac1 Rac8 20. N2b3 Bc6 21.
Nxc6 Nxc6 22. Bf2 a5 23. Qd3 a4 24. Nd2 Rb8 25. Nb1 Re6 26. Na3 Qd7 27. Rb1
Ne7 28. Red1 Ne8 29. h4 f5 30. e5 d5 31. Bc5 Nc7 32. Bxe7 Qxe7 33. Bxd5
Nxd5 34. Qxd5 Qe8 35. Rbc1 Bf8 36. Nc2 Qc6 37. Qd3 h5 38. Nd4 Qb6 39. Qf3
Rd8 40. Qe3 Rc6 41. Kf2 Rcc8 42. Nxf5 Qxe3+ 43. Nxe3 Rxd1 44. Rxd1 Rxc3 45.
Rd7 Bxb4 46. Nd5 Bc5+ 47. Ke2 Rc4 48. Kf3 a3 49. e6 Kf8 50. Rf7+ Ke8 51.
Rb7 Kf8 52. Rf7+ 1/2-1/2

[Event "4th Karpov It"]
[Site "Poikovsky RUS"]
[Date "2003.04.26"]
[Round "6"]
[White "Pelletier,Y"]
[Black "Obodchuk,A"]
[Result "1-0"]
[WhiteElo "2623"]
[BlackElo "2417"]
[EventDate "2003.04.20"]

1. c4 Nf6 2. Nc3 g6 3. e4 d6 4. d4 Bg7 5. Nf3 O-O 6. Be2 e5 7. O-O Nc6 8.
d5 Ne7 9. b4 Nh5 10. Re1 f5 11. Ng5 Nf6 12. Bf3 c6 13. Qb3 cxd5 14. exd5
Kh8 15. Bb2 b6 16. Rad1 Ne8 17. c5 bxc5 18. bxc5 e4 19. cxd6 Nxd6 20. Be2
Qb6 21. Nb5 Rb8 22. Ba3 Be5 23. Rb1 Qd8 24. Qh3 h5 25. Ne6 Bxe6 26. Qe3 1-0

[Event "4th Karpov It"]
[Site "Poikovsky RUS"]
[Date "2003.04.27"]
[Round "7"]
[White "Lputian,S"]
[Black "Bologan,V"]
[Result "1-0"]
[WhiteElo "2638"]
[BlackElo "2663"]
[EventDate "2003.04.20"]

1. d4 Nf6 2. c4 e6 3. Nf3 c5 4. e3 d5 5. Nc3 cxd4 6. exd4 Bb4 7. cxd5 Nxd5
8. Bd2 Nc6 9. Bd3 Be7 10. O-O O-O 11. Nxd5 exd5 12. Qb3 Bf6 13. Bc3 a5 14.
a3 Bg4 15. Be2 Re8 16. Rfe1 Re6 17. h3 a4 18. Qb5 Bf5 19. Rad1 Bc2 20. Rd2
Be4 21. Bd1 Na5 22. Ne5 Rb6 23. Qd7 Qf8 24. f3 Bg6 25. Bxa5 Rxa5 26. Nxg6
1-0